000 00503nam a2200133 a 4500
008 120416s1991 ||||||||||||||||| || u
050 _aLB 2301 Mat
100 _aMatiru, Barbara
245 1 0 _aTowards academic and professional excellence in higher education, part I
260 _aBonn
_bDSE
_c1991
300 _ax, 262p. : ill.
350 _a0.00
995 _D0.00
_FCBU-MAIN LIBRARY (Kitwe)
_H1
_I20.00
_M1
_UAVAILABLE
_ZAnnex Low-Usage Collection
999 _c60056
_d60056